000 00435cam a2200181ua 4500
020 _c1.75
041 _amal
_h
082 _a894.8124
_bSHA/HI
100 _aShajahan, S .
245 _aHindi Sahitya Silpikal,Essays /
_cS.Shajahan.
_hTextual Documents
250 _a /
_b.
260 _aKottayam :
_bNational Book Stall ,
_c1965.
300 _a116 ; .
365 _a1.75
504 _a
942 _cBK
999 _c799
_d799